Bách khoa văn hóa phương Đông
Trình bày những thành tựu về văn minh vật chất và tinh thần, các đỉnh cao sáng tạo, các tư tưởng và tôn giáo lớn, các di tích văn hóa, lịch sử thể hiện một giai đoạn phát triển của lịch sử thế giới. Những ảnh hưởng và giá trị phổ cạ...
Сохранить в:
| Формат: | |
|---|---|
| Язык: | Undetermined |
| Опубликовано: |
Hà Nội
Thanh niên
2018
|
| Предметы: | |
| Метки: |
Добавить метку
Нет меток, Требуется 1-ая метка записи!
|
| Thư viện lưu trữ: | Trung tâm Học liệu Trường Đại học Cần Thơ |
|---|
| LEADER | 01128nam a2200205Ia 4500 | ||
|---|---|---|---|
| 001 | CTU_238610 | ||
| 008 | 210402s9999 xx 000 0 und d | ||
| 020 | |c 195000 | ||
| 082 | |a 306.095 | ||
| 082 | |b B102 | ||
| 245 | 0 | |a Bách khoa văn hóa phương Đông | |
| 245 | 0 | |c Đăng Trường, Lê Minh (Biên soạn) | |
| 260 | |a Hà Nội | ||
| 260 | |b Thanh niên | ||
| 260 | |c 2018 | ||
| 520 | |a Trình bày những thành tựu về văn minh vật chất và tinh thần, các đỉnh cao sáng tạo, các tư tưởng và tôn giáo lớn, các di tích văn hóa, lịch sử thể hiện một giai đoạn phát triển của lịch sử thế giới. Những ảnh hưởng và giá trị phổ cập của văn hóa Phương Đông với thời hiện đại, các giá trị truyền thống phương Đông trong quá trình hội nhập toàn cầu. | ||
| 650 | |a Văn hóa,Culture | ||
| 650 | |z Phương Đông,Eastern | ||
| 910 | |b nthai | ||
| 980 | |a Trung tâm Học liệu Trường Đại học Cần Thơ | ||